| 000 | 00437nam a2200157Ia 4500 | ||
|---|---|---|---|
| 003 | GCL | ||
| 008 | 140319s9999 xx 000 0 eng d | ||
| 040 |
_aGCL / _cGCL |
||
| 082 | 0 | 4 |
_a746 _bR B |
| 100 | 1 | _aRATBBUN, WILLIAM | |
| 245 | 1 | 0 |
_aBEYOND THE TANABATA BRIDGE: TRACLITIONAL JAPANESE TEXTILES / _cRATBBUN, WILLIAM |
| 260 |
_a[S.N] : _bTHOMES AND HUDSON ، _c1993 |
||
| 300 | _a199 | ||
| 650 | 0 | 4 | _aJAPAN - TEXTILES |
| 942 |
_2ddc _cBK |
||
| 999 |
_c10249 _d10249 |
||